<?xml version="1.0" encoding="UTF-8"?>
<record
    xmlns:xsi="http://www.w3.org/2001/XMLSchema-instance"
    xsi:schemaLocation="http://www.loc.gov/MARC21/slim http://www.loc.gov/standards/marcxml/schema/MARC21slim.xsd"
    xmlns="http://www.loc.gov/MARC21/slim">

  <leader>02043nam a2200409 i 4500</leader>
  <controlfield tag="001">000013665</controlfield>
  <controlfield tag="003">DO-SdBPM</controlfield>
  <controlfield tag="005">20250625124518.0</controlfield>
  <controlfield tag="007">ta</controlfield>
  <controlfield tag="008">091127t1986    dr            001 e spa d</controlfield>
  <datafield tag="040" ind1=" " ind2=" ">
    <subfield code="a">DO-SdBPM</subfield>
    <subfield code="b">spa</subfield>
    <subfield code="c">BPMSU  </subfield>
    <subfield code="e">rda</subfield>
    <subfield code="d"> </subfield>
  </datafield>
  <datafield tag="041" ind1=" " ind2=" ">
    <subfield code="h">spa</subfield>
  </datafield>
  <datafield tag="082" ind1=" " ind2="4">
    <subfield code="a">RD864.44</subfield>
    <subfield code="b">R789e 1986</subfield>
    <subfield code="2">22</subfield>
  </datafield>
  <datafield tag="100" ind1="1" ind2=" ">
    <subfield code="a">Rosario Candelier, Bruno,</subfield>
    <subfield code="d">1941-</subfield>
    <subfield code="e">autor</subfield>
    <subfield code="4">aut.</subfield>
  </datafield>
  <datafield tag="100" ind1="z" ind2=" ">
    <subfield code="a">Candelier, Bruno Rosario,</subfield>
    <subfield code="d">1941</subfield>
  </datafield>
  <datafield tag="245" ind1="1" ind2="0">
    <subfield code="a">Ensayos literarios /</subfield>
    <subfield code="c">Bruno Rosario Candelier </subfield>
  </datafield>
  <datafield tag="264" ind1=" " ind2="4">
    <subfield code="a">Santo Domingo :</subfield>
    <subfield code="b">Biblioteca Nacional Pedro Henr&#xED;quez Ure&#xF1;a (BNPHU),</subfield>
    <subfield code="c">&#xA9;1996.</subfield>
  </datafield>
  <datafield tag="300" ind1=" " ind2=" ">
    <subfield code="a">370 p&#xE1;ginas ;</subfield>
    <subfield code="c">23 cm.</subfield>
  </datafield>
  <datafield tag="336" ind1=" " ind2=" ">
    <subfield code="a">texto</subfield>
    <subfield code="b">txt</subfield>
    <subfield code="2">rdacontent</subfield>
  </datafield>
  <datafield tag="337" ind1=" " ind2=" ">
    <subfield code="a">sin mediaci&#xF3;n</subfield>
    <subfield code="b">n</subfield>
    <subfield code="2">rdamedia</subfield>
  </datafield>
  <datafield tag="338" ind1=" " ind2=" ">
    <subfield code="a">volumen</subfield>
    <subfield code="b">nc</subfield>
    <subfield code="2">rdacarrier</subfield>
  </datafield>
  <datafield tag="490" ind1="0" ind2=" ">
    <subfield code="a">Colecci&#xF3;n Orfeo</subfield>
  </datafield>
  <datafield tag="500" ind1=" " ind2=" ">
    <subfield code="a">Incluye referencias bibliogr&#xE1;ficas  y notas al pie de las p&#xE1;ginas.</subfield>
  </datafield>
  <datafield tag="505" ind1="0" ind2=" ">
    <subfield code="a">Caracteres de la literatura --</subfield>
    <subfield code="t">Los g&#xE9;neros literarios --</subfield>
    <subfield code="t">M&#xE9;todo de ense&#xF1;anza de la literatura --</subfield>
    <subfield code="t">Literatura y educaci&#xF3;n --</subfield>
    <subfield code="t">Sem&#xE1;ntica y literatura --</subfield>
    <subfield code="t">Fundamentos de la producci&#xF3;n textual --</subfield>
    <subfield code="t">Conclusiones--</subfield>
    <subfield code="t">Poes&#xED;a y plenitud /</subfield>
    <subfield code="t">Narraci&#xF3;n y cuento /</subfield>
    <subfield code="t">Julio Cortazar: literatura y liberaci&#xF3;n--</subfield>
    <subfield code="t">Pretextos--</subfield>
    <subfield code="t">La novela dominicana 1882-1982--</subfield>
    <subfield code="t">Grecia, patria de fil&#xF3;sofos--</subfield>
    <subfield code="t">Aspectos de la sociedad y la cosmovisi&#xF3;n de la antigua Grecia, en Homero--</subfield>
    <subfield code="t">La visi&#xF3;n de Teilhard de Chardin --</subfield>
    <subfield code="t">El nuevo papel de los Ateneos y Asociaciones Culturales</subfield>
    <subfield code="t">En torno a mi tesis --</subfield>
    <subfield code="t">Di&#xE1;logo con Gabriel Garc&#xED;a M&#xE1;rquez --</subfield>
    <subfield code="t">Encuentro con Mario Vargas Llosa.</subfield>
  </datafield>
  <datafield tag="590" ind1=" " ind2=" ">
    <subfield code="a">Inventariado, 2025/VM</subfield>
  </datafield>
  <datafield tag="650" ind1=" " ind2="7">
    <subfield code="a">Ensayos dominicanos</subfield>
    <subfield code="2">LEMB</subfield>
  </datafield>
  <datafield tag="650" ind1=" " ind2="7">
    <subfield code="a">Literatura dominicana.</subfield>
    <subfield code="2">LEMB</subfield>
  </datafield>
  <datafield tag="650" ind1=" " ind2="7">
    <subfield code="a">Literatura</subfield>
    <subfield code="x">Historia y cr&#xED;tica</subfield>
    <subfield code="2">LEMB</subfield>
  </datafield>
  <datafield tag="650" ind1="z" ind2=" ">
    <subfield code="a">Dominican essays</subfield>
  </datafield>
  <datafield tag="650" ind1="z" ind2=" ">
    <subfield code="a">Dominican literature</subfield>
  </datafield>
  <datafield tag="710" ind1="2" ind2=" ">
    <subfield code="a">Rep&#xFA;blica Dominicana. </subfield>
    <subfield code="b">Biblioteca Nacional Pedro Henr&#xED;quez Ure&#xF1;a </subfield>
  </datafield>
  <datafield tag="710" ind1="z" ind2=" ">
    <subfield code="a">Rep&#xFA;blica Dominicana.</subfield>
    <subfield code="b">Biblioteca Nacional </subfield>
  </datafield>
  <datafield tag="710" ind1="z" ind2=" ">
    <subfield code="a">BNPHU</subfield>
  </datafield>
  <datafield tag="710" ind1="z" ind2=" ">
    <subfield code="a">B.N.P.H.U</subfield>
  </datafield>
  <datafield tag="910" ind1=" " ind2=" ">
    <subfield code="a">VMateo V. Control de calidad BPMSU</subfield>
  </datafield>
  <datafield tag="942" ind1=" " ind2=" ">
    <subfield code="2">ddc</subfield>
    <subfield code="c">BK</subfield>
  </datafield>
  <datafield tag="952" ind1=" " ind2=" ">
    <subfield code="0">0</subfield>
    <subfield code="1">0</subfield>
    <subfield code="2">ddc</subfield>
    <subfield code="7">0</subfield>
    <subfield code="8">CD</subfield>
    <subfield code="a">BPMET</subfield>
    <subfield code="b">BPMET</subfield>
    <subfield code="d">2025-06-25</subfield>
    <subfield code="l">0</subfield>
    <subfield code="o">BPMSU CD RD864.44 R789e 1986</subfield>
    <subfield code="p">BPMSU25060119</subfield>
    <subfield code="r">2025-06-25</subfield>
    <subfield code="w">2025-06-25</subfield>
    <subfield code="y">BK</subfield>
  </datafield>
  <datafield tag="999" ind1=" " ind2=" ">
    <subfield code="c">15219</subfield>
    <subfield code="d">15219</subfield>
  </datafield>
</record>
